| 000 | 00360nam a22001217a 4500 | ||
|---|---|---|---|
| 999 |
_c4428 _d4428 |
||
| 008 | 250218b ||||| |||| 00| 0 eng d | ||
| 020 | _a9788965011118 | ||
| 082 | _a641.3 | ||
| 100 |
_aLEE,JANINE _eAUTHOR |
||
| 245 | _aRAINBOW DINING TABLE | ||
| 260 |
_aFLAT/RM E 3/F,PO CHEONG BUILDING 148-154 NAM CHEONG STREET,KOWLOON,HONGKONG _bPARAN PUBLISHING |
||
| 942 | _2ddc | ||